[Event "BRA-chT U26"]
[Site "Foz do Iguacu"]
[Date "2012.10.21"]
[Round "6"]
[White "Cantuaria, Jadson Xavier"]
[Black "Lorenzon, Eduardo Lucas"]
[Result "0-1"]
[WhiteElo "1800"]
[BlackElo "1810"]
[PlyCount "82"]
[EventDate "2012.10.18"]
[EventType "team-swiss"]
[EventRounds "7"]
[EventCountry "BRA"]
[SourceTitle "EXT 2013"]
[Source "ChessBase"]
[SourceDate "2012.11.22"]
[SourceVersion "1"]
[SourceVersionDate "2012.11.22"]
[SourceQuality "1"]

1. e4 e5 2. Nf3 Nc6 3. Bc4 Nf6 4. Nc3 Nxe4 5. Nxe4 d5 6. Bxd5 Qxd5 7. d3 Bg4 8. Be3 0-0-0 9. h3 Bh5 10. g4 Bg6 11. Nc3 Bb4 12. Bd2 Bxc3 13. Bxc3 e4 14. dxe4 Bxe4 15. Qxd5 Bxd5 16. 0-0-0 Bxf3 17. Rxd8+ Rxd8 18. Re1 g6 19. Bf6 Rd6 20. Bc3 Kd7 21. b3 Re6 22. Rxe6 Kxe6 23. Kd2 h5 24. Ke3 hxg4 25. hxg4 Bxg4 26. f3 Bf5 27. Kd2 g5 28. a4 g4 29. fxg4 Bxg4 30. Ke3 f5 31. Be1 Ne7 32. Bg3 Nd5+ 33. Kf2 f4 34. Bh2 Kf5 35. c4 Nf6 36. b4 Ne4+ 37. Kg1 c6 38. b5 f3 39. bxc6 bxc6 40. c5 f2+ 41. Kf1 Bh3+ 0-1

[Event "BRA-chT U26"]
[Site "Foz do Iguacu"]
[Date "2012.10.19"]
[Round "2"]
[White "Cantuaria, Jadson Xavier"]
[Black "Santos Junior, Ailton Antonio"]
[Result "0-1"]
[WhiteElo "1800"]
[BlackElo "2012"]
[PlyCount "46"]
[EventDate "2012.10.18"]
[EventType "team-swiss"]
[EventRounds "7"]
[EventCountry "BRA"]
[SourceTitle "EXT 2013"]
[Source "ChessBase"]
[SourceDate "2012.11.22"]
[SourceVersion "1"]
[SourceVersionDate "2012.11.22"]
[SourceQuality "1"]

1. e4 c5 2. Nf3 d6 3. d4 cxd4 4. Nxd4 Nf6 5. Nc3 g6 6. Be3 Bg7 7. Bc4 0-0 8. f4 Nxe4 9. Nxe4 d5 10. Bxd5 Qxd5 11. Qf3 Qa5+ 12. Nc3 Qb4 13. 0-0-0 Nc6 14. Nde2 Be6 15. Bd2 Bxa2 16. Rhf1 Bc4 17. Rf2 a5 18. g4 a4 19. Be3 a3 20. b3 a2 21. Kb2 Bxe2 22. Bc5 Bxd1 23. Qxd1 Qxc3+ 0-1